01014ntaaa2200265 45000030003000000050017000030080021000200200018000410400037000590820014000961000018001102450141001282600044002693000034003134900046003475000067003935000052004605000086005125000022005986500011006206500021006317000021006527000040006737000035007130120251027203334.00714s1973 ag 01  a9788481698510 aAR-BaBNbspacAR-BaBNeaacrdRIC a487.4 Ze5 aZerwick, Max  aAnálisis gramatical del griego del Nuevo Testamento / cMax Zerwick, y Mary Grosvenor, y José Pérez Escobar, y Josep Rius-Camps aEstella : bEdit. Verbo Divino, cc2008 axlviii, 906, 17 p. ; c20 cm. aInstrumentos para el estudio de la Biblia aTítulo original: Analysis philologica Novi Testamenti graeci aEd. original: Pontificio Istituto Biblico, 1966 aBasada en la ed. inglesa: A Grammatical Analysis of the Greek New Testament, 1996 aContiene glosario aGRIEGO aNUEVO TESTAMENTO aGrosvenor, Mary  aPérez Escobar, José etraductor aRius-Camps, Josep erevisión